000 01457cam a22003131i 4500
003 SA-RiAUC
005 20250125090407.0
008 250125s2006 ku a g b 000 0 ara c
020 _a9990683670
040 _aSA-MaUQU
_bara
_cSA-RiAUC
_erda
043 _aa-su---
082 0 4 _a929.2
090 _a929.2
_b ع د و
100 1 _aالعدواني، عبد الله حسن النزهان
_eمؤلف.
245 1 2 _aالأخبار العدوانية في الدولة الحسنية /
_cعبد الله حسن النزهان العدواني.
250 _aالطبعة الأولى.
264 1 _aالكويت :
_bعبد الله حسن النزهان العدواني،
_c2006
300 _a152 صفحة :
_bإيضاحيات ؛
_c24 سم
336 _aنص
_btxt
_2rdacontent
_3كتاب
337 _aبدون وسيط
_bn
_2rdamedia
338 _aمجلد
_bnc
_2rdacarrier
500 _aفصول من تاريخ قبيلة عدوان في الحجاز ونجد من آخر القرن السادس إلى القرن الثالث عشر الهجري حسب المصادر والوثائق المدونة.
504 _aببليوجرافية : صفحة 147-152.
650 7 _aالقبائل العربية
_xتاريخ
_2aucsh
650 7 _aالقبائل العربية
_zالسعودية
_2aucsh
650 7 _aالقبائل العربية
_zالسعودية
_zنجد
_2aucsh
942 _2ddc
_cBOOK
_n0
949 _aSA-JeALM
_d250125
_umohamedma123
_n1
999 _c5189
_d5189